Realities of free trade

محفوظ في:
التفاصيل البيبلوغرافية
المؤلف الرئيسي: Burn, Duncan
التنسيق: كتاب
اللغة:Undetermined
منشور في: London George Allen & Unwin Ltd. 1972
الموضوعات:
الوسوم: إضافة وسم
لا توجد وسوم, كن أول من يضع وسما على هذه التسجيلة!
Thư viện lưu trữ: Trung tâm Học liệu Trường Đại học Cần Thơ
LEADER 00491nam a2200169Ia 4500
001 CTU_79607
008 210402s9999 xx 000 0 und d
082 |a 382.45 
082 |b B963 
100 |a Burn, Duncan 
245 0 |a Realities of free trade 
245 0 |c Duncan Burn, Barbara Epstein, Harry G. Johnson 
260 |a London 
260 |b George Allen & Unwin Ltd. 
260 |c 1972 
650 |a Chemical industry,Free trade 
980 |a Trung tâm Học liệu Trường Đại học Cần Thơ